<?xml version="1.0" encoding="UTF-8"?>
<record
    xmlns:xsi="http://www.w3.org/2001/XMLSchema-instance"
    xsi:schemaLocation="http://www.loc.gov/MARC21/slim http://www.loc.gov/standards/marcxml/schema/MARC21slim.xsd"
    xmlns="http://www.loc.gov/MARC21/slim">

  <leader>00643nam a22002177a 4500</leader>
  <controlfield tag="003">OSt</controlfield>
  <controlfield tag="005">20150408114219.0</controlfield>
  <controlfield tag="008">140517s2013    enka   g      001 0 eng d</controlfield>
  <datafield tag="020" ind1=" " ind2=" ">
    <subfield code="a">9781444182262</subfield>
  </datafield>
  <datafield tag="040" ind1=" " ind2=" ">
    <subfield code="a">Ma-Un</subfield>
  </datafield>
  <datafield tag="082" ind1="0" ind2="4">
    <subfield code="2">22</subfield>
    <subfield code="a">004</subfield>
    <subfield code="b">CSA</subfield>
  </datafield>
  <datafield tag="100" ind1="1" ind2=" ">
    <subfield code="a">Cushing, Steve.</subfield>
    <subfield code="9">45342</subfield>
  </datafield>
  <datafield tag="245" ind1="1" ind2="0">
    <subfield code="a">AQA GCSE computer science.</subfield>
    <subfield code="p">Student's book /</subfield>
    <subfield code="c">by Steve Cushing.</subfield>
  </datafield>
  <datafield tag="260" ind1=" " ind2=" ">
    <subfield code="a">London :</subfield>
    <subfield code="b">Hodder Education,</subfield>
    <subfield code="c">2013.</subfield>
  </datafield>
  <datafield tag="300" ind1=" " ind2=" ">
    <subfield code="a">224 p. :</subfield>
    <subfield code="b">ill. ;</subfield>
    <subfield code="c">26 cm.</subfield>
  </datafield>
  <datafield tag="500" ind1=" " ind2=" ">
    <subfield code="a">Includes index.</subfield>
  </datafield>
  <datafield tag="650" ind1=" " ind2=" ">
    <subfield code="a">Computer science</subfield>
  </datafield>
  <datafield tag="650" ind1=" " ind2=" ">
    <subfield code="a">Computer science</subfield>
    <subfield code="v">Problems, exercises, etc.</subfield>
    <subfield code="9">4595</subfield>
  </datafield>
  <datafield tag="650" ind1=" " ind2=" ">
    <subfield code="a">Computers and IT</subfield>
    <subfield code="9">45343</subfield>
  </datafield>
  <datafield tag="942" ind1=" " ind2=" ">
    <subfield code="2">ddc</subfield>
    <subfield code="c">BOOK</subfield>
  </datafield>
  <datafield tag="999" ind1=" " ind2=" ">
    <subfield code="c">35167</subfield>
    <subfield code="d">269667</subfield>
  </datafield>
  <datafield tag="952" ind1=" " ind2=" ">
    <subfield code="1">0</subfield>
    <subfield code="2">2014-05-17</subfield>
    <subfield code="4">0</subfield>
    <subfield code="7">1</subfield>
    <subfield code="a">004 CSA</subfield>
    <subfield code="c">1</subfield>
    <subfield code="d">2014-05-17</subfield>
    <subfield code="e">&#x62F;&#x627;&#x631; &#x627;&#x644;&#x639;&#x631;&#x628;</subfield>
    <subfield code="h">CL</subfield>
    <subfield code="i">00211056</subfield>
    <subfield code="m">CL</subfield>
    <subfield code="r">2014-05-17 00:00:00</subfield>
    <subfield code="t">BOOK</subfield>
    <subfield code="w">ddc</subfield>
    <subfield code="y">0</subfield>
  </datafield>
  <datafield tag="952" ind1=" " ind2=" ">
    <subfield code="1">0</subfield>
    <subfield code="2">2014-05-17</subfield>
    <subfield code="4">0</subfield>
    <subfield code="7">1</subfield>
    <subfield code="a">004 CSA</subfield>
    <subfield code="c">1</subfield>
    <subfield code="d">2014-05-17</subfield>
    <subfield code="e">&#x62F;&#x627;&#x631; &#x627;&#x644;&#x639;&#x631;&#x628;</subfield>
    <subfield code="h">SZM</subfield>
    <subfield code="i">00211057</subfield>
    <subfield code="m">SZM</subfield>
    <subfield code="r">2014-05-17 00:00:00</subfield>
    <subfield code="t">BOOK</subfield>
    <subfield code="w">ddc</subfield>
    <subfield code="y">0</subfield>
  </datafield>
  <datafield tag="952" ind1=" " ind2=" ">
    <subfield code="1">0</subfield>
    <subfield code="2">2014-05-17</subfield>
    <subfield code="4">0</subfield>
    <subfield code="7">0</subfield>
    <subfield code="a">004 CSA</subfield>
    <subfield code="c">2</subfield>
    <subfield code="d">2014-05-17</subfield>
    <subfield code="e">&#x62F;&#x627;&#x631; &#x627;&#x644;&#x639;&#x631;&#x628;</subfield>
    <subfield code="h">SZM</subfield>
    <subfield code="i">00211058</subfield>
    <subfield code="m">SZM</subfield>
    <subfield code="r">2014-05-17 00:00:00</subfield>
    <subfield code="t">BOOK</subfield>
    <subfield code="w">ddc</subfield>
    <subfield code="y">0</subfield>
  </datafield>
  <datafield tag="952" ind1=" " ind2=" ">
    <subfield code="1">0</subfield>
    <subfield code="2">2015-10-13</subfield>
    <subfield code="4">0</subfield>
    <subfield code="7">0</subfield>
    <subfield code="a">004 CSA</subfield>
    <subfield code="d">2015-10-13</subfield>
    <subfield code="h">CL</subfield>
    <subfield code="i">00654295</subfield>
    <subfield code="m">CL</subfield>
    <subfield code="r">2015-10-13 00:00:00</subfield>
    <subfield code="t">BOOK</subfield>
    <subfield code="w">ddc</subfield>
    <subfield code="y">0</subfield>
  </datafield>
  <datafield tag="952" ind1=" " ind2=" ">
    <subfield code="1">0</subfield>
    <subfield code="2">2015-10-13</subfield>
    <subfield code="4">0</subfield>
    <subfield code="7">0</subfield>
    <subfield code="a">004 CSA</subfield>
    <subfield code="d">2015-10-13</subfield>
    <subfield code="h">CL</subfield>
    <subfield code="i">00654296</subfield>
    <subfield code="m">CL</subfield>
    <subfield code="r">2015-10-13 00:00:00</subfield>
    <subfield code="t">BOOK</subfield>
    <subfield code="w">ddc</subfield>
    <subfield code="y">0</subfield>
  </datafield>
  <datafield tag="952" ind1=" " ind2=" ">
    <subfield code="1">0</subfield>
    <subfield code="2">2015-10-13</subfield>
    <subfield code="4">0</subfield>
    <subfield code="7">0</subfield>
    <subfield code="a">004 CSA</subfield>
    <subfield code="d">2015-10-13</subfield>
    <subfield code="h">CL</subfield>
    <subfield code="i">00654297</subfield>
    <subfield code="m">CL</subfield>
    <subfield code="r">2015-10-13 00:00:00</subfield>
    <subfield code="t">BOOK</subfield>
    <subfield code="w">ddc</subfield>
    <subfield code="y">0</subfield>
  </datafield>
  <datafield tag="952" ind1=" " ind2=" ">
    <subfield code="1">0</subfield>
    <subfield code="2">2015-10-17</subfield>
    <subfield code="4">0</subfield>
    <subfield code="7">0</subfield>
    <subfield code="a">004 CSA</subfield>
    <subfield code="d">2015-10-17</subfield>
    <subfield code="h">AMF</subfield>
    <subfield code="i">00654629</subfield>
    <subfield code="m">AMF</subfield>
    <subfield code="r">2015-10-17 00:00:00</subfield>
    <subfield code="t">BOOK</subfield>
    <subfield code="w">ddc</subfield>
    <subfield code="y">0</subfield>
  </datafield>
  <datafield tag="952" ind1=" " ind2=" ">
    <subfield code="1">0</subfield>
    <subfield code="2">2015-10-17</subfield>
    <subfield code="4">0</subfield>
    <subfield code="7">0</subfield>
    <subfield code="a">004 CSA</subfield>
    <subfield code="d">2015-10-17</subfield>
    <subfield code="h">AMF</subfield>
    <subfield code="i">00654630</subfield>
    <subfield code="m">AMF</subfield>
    <subfield code="r">2015-10-17 00:00:00</subfield>
    <subfield code="t">BOOK</subfield>
    <subfield code="w">ddc</subfield>
    <subfield code="y">0</subfield>
  </datafield>
  <datafield tag="952" ind1=" " ind2=" ">
    <subfield code="1">0</subfield>
    <subfield code="2">2022-10-17</subfield>
    <subfield code="4">0</subfield>
    <subfield code="7">1</subfield>
    <subfield code="a">004 CSA</subfield>
    <subfield code="d">2022-10-17</subfield>
    <subfield code="h">EZF</subfield>
    <subfield code="i">00267076</subfield>
    <subfield code="m">EZF</subfield>
    <subfield code="r">2022-10-17 00:00:00</subfield>
    <subfield code="t">BOOK</subfield>
    <subfield code="w">ddc</subfield>
    <subfield code="y">0</subfield>
  </datafield>
  <datafield tag="952" ind1=" " ind2=" ">
    <subfield code="1">0</subfield>
    <subfield code="2">2022-10-17</subfield>
    <subfield code="4">0</subfield>
    <subfield code="7">0</subfield>
    <subfield code="a">004 CSA</subfield>
    <subfield code="d">2022-10-17</subfield>
    <subfield code="h">EZF</subfield>
    <subfield code="i">00267077</subfield>
    <subfield code="m">EZF</subfield>
    <subfield code="r">2022-10-17 00:00:00</subfield>
    <subfield code="t">BOOK</subfield>
    <subfield code="w">ddc</subfield>
    <subfield code="y">0</subfield>
  </datafield>
  <datafield tag="952" ind1=" " ind2=" ">
    <subfield code="1">0</subfield>
    <subfield code="2">2022-10-17</subfield>
    <subfield code="4">0</subfield>
    <subfield code="7">1</subfield>
    <subfield code="a">004 CSA</subfield>
    <subfield code="d">2022-10-17</subfield>
    <subfield code="h">EMF</subfield>
    <subfield code="i">00267078</subfield>
    <subfield code="m">EMF</subfield>
    <subfield code="r">2022-10-17 00:00:00</subfield>
    <subfield code="t">BOOK</subfield>
    <subfield code="w">ddc</subfield>
    <subfield code="y">0</subfield>
  </datafield>
  <datafield tag="952" ind1=" " ind2=" ">
    <subfield code="1">0</subfield>
    <subfield code="2">2022-10-17</subfield>
    <subfield code="4">0</subfield>
    <subfield code="7">0</subfield>
    <subfield code="a">004 CSA</subfield>
    <subfield code="d">2022-10-17</subfield>
    <subfield code="h">EMF</subfield>
    <subfield code="i">00267079</subfield>
    <subfield code="m">EMF</subfield>
    <subfield code="r">2022-10-17 00:00:00</subfield>
    <subfield code="t">BOOK</subfield>
    <subfield code="w">ddc</subfield>
    <subfield code="y">0</subfield>
  </datafield>
  <datafield tag="952" ind1=" " ind2=" ">
    <subfield code="1">0</subfield>
    <subfield code="2">2022-10-17</subfield>
    <subfield code="4">0</subfield>
    <subfield code="7">1</subfield>
    <subfield code="a">004 CSA</subfield>
    <subfield code="d">2022-10-17</subfield>
    <subfield code="h">IC</subfield>
    <subfield code="i">00267080</subfield>
    <subfield code="m">IC</subfield>
    <subfield code="r">2022-10-17 00:00:00</subfield>
    <subfield code="t">BOOK</subfield>
    <subfield code="w">ddc</subfield>
    <subfield code="y">0</subfield>
  </datafield>
</record>
